<?xml version="1.0" encoding="UTF-8"?>
<marc:record xmlns:marc="http://www.loc.gov/MARC21/slim">
   <marc:leader>00000nam a2200000 a 4500</marc:leader>
   <marc:datafield ind1="1" ind2=" " tag="100">
      <marc:subfield code="a">Addison, Chris</marc:subfield>
      <marc:subfield code="4">drt</marc:subfield>
      <marc:subfield code="e">Regisseur/-in</marc:subfield>
   </marc:datafield>
   <marc:datafield ind1=" " ind2=" " tag="653">
      <marc:subfield code="a">Komödie / DVD</marc:subfield>
   </marc:datafield>
   <marc:datafield ind1=" " ind2=" " tag="653">
      <marc:subfield code="a">Englisch / Sprachausgabe</marc:subfield>
   </marc:datafield>
   <marc:datafield ind1=" " ind2=" " tag="653">
      <marc:subfield code="a">Tschechisch / Sprachausgabe</marc:subfield>
   </marc:datafield>
   <marc:datafield ind1="0" ind2="0" tag="245">
      <marc:subfield code="a">Glam Girls - Hinreissend verdorben</marc:subfield>
   </marc:datafield>
   <marc:datafield ind1=" " ind2="1" tag="264">
      <marc:subfield code="b">Universal Pictures</marc:subfield>
      <marc:subfield code="c">2019</marc:subfield>
   </marc:datafield>
   <marc:datafield ind1="1" ind2=" " tag="520">
      <marc:subfield code="a">osephine Chesterfield (Anne Hathaway) ist eine hochklassige Trickbetrügerin, die reiche Männer gekonnt um den Finger wickelt. Tollpatsch Penny (Rebel Wilson) hat ihre ganz eigenen Methoden, den Herren das Geld aus der Tasche zu ziehen. Kurzerhand verbünden sich die beiden ungleichen Schurkinnen und Penny wird von Josephine in die Künste des Edelbetruges eingeweiht. Doch als aus dem Ganoven-Entlein ein ganz schön durchtriebener Schwan wird, entbrennt ein Konkurrenzkampf zwischen den beiden Frauen. (Verlagtext)</marc:subfield>
   </marc:datafield>
   <marc:datafield ind1=" " ind2=" " tag="020">
      <marc:subfield code="a">9783083186359</marc:subfield>
      <marc:subfield code="9">9783083186359</marc:subfield>
   </marc:datafield>
   <marc:datafield ind1=" " ind2=" " tag="020">
      <marc:subfield code="a">3083186355</marc:subfield>
      <marc:subfield code="9">3083186355</marc:subfield>
   </marc:datafield>
   <marc:datafield ind1=" " ind2=" " tag="041">
      <marc:subfield code="a">ger</marc:subfield>
   </marc:datafield>
   <marc:datafield ind1=" " ind2=" " tag="338">
      <marc:subfield code="a">Videodisk</marc:subfield>
   </marc:datafield>
   <marc:datafield ind1=" " ind2=" " tag="300">
      <marc:subfield code="a">1 DVD (circa 90 min)</marc:subfield>
   </marc:datafield>
</marc:record>
